LDR 00731naa#a2200169#i#450# 001 EN\\bibl\121054 005 20260705135711.7 011 ## _a2073-0454 100 ## _a20251015b2025####ek#y0engy0150####ca 102 ## _aRU 200 1# _aOn expanding the framework of the general theory of forensic examination by improving its functions at the present stage of development _eJournal article 210 1# _aMoscow _cMoscow University of the Ministry of Internal Affairs of Russia named after V.Ya. Kikot _d2025 215 ## _a4 с. 608 ## _aJournal article _2local 675 ## _aКриминалистика. Криминалистическая техника и тактика. 343.98 _z 700 #1 _aMaylis _gNadezhda Pavlovna 856 4# _amosumvd.editorum.ru _u